000 00369nam a2200133 i 4500
001 bg
245 0 _aAnorganikum :
_bLehr- und Praktikumsbuch der anorganischen Chemie mit einer Einführung in die Physikalische Chemie.
260 _aBerlin,
_c1974.
040 _cBPK
041 _apol
080 _a546+541
942 _cKS
008 s pl f |000 0 pol
999 _c16145
_d16145
856 _uhttp://koha.tu.koszalin.pl/cgi-bin/koha/opac-detail.pl?biblionumber=16145
_yKatalog online BPK